Statistiken für Die 100 Erfolgreichsten Filme

Klicken Sie hier um das Quiz zu spielen!

Allgemein

  • Dieses Quiz wurde 4.533 mal gespielt
    (728 seit der letzten Aktualisierung)
  • Das Durchschnittsergebnis liegt bei 21 aus 100

Antwortstatistiken

PlatzFilmJahrEinspielergebnis% Korrekt
1Avatar - Aufbruch nach Pandora20092.923 Mrd.
81%
4Titanic19972.264 Mrd.
80%
2Avengers: Endgame20192.799 Mrd.
66%
10Marvel's The Avengers20121.520 Mrd.
64%
94Spider-Man2002825.0 Mio.
56%
14Barbie20231.438 Mrd.
52%
6Avengers: Infinity War20182.052 Mrd.
49%
67Oppenheimer2023939.4 Mio.
47%
21Die Eiskönigin - Völlig unverfroren20131.284 Mrd.
36%
7Spider-Man: No Way Home20211.921 Mrd.
36%
50Harry Potter und der Stein der Weisen20011.024 Mrd.
35%
25Iron Man 320131.215 Mrd.
34%
57Der König der Löwen1994968.5 Mio.
33%
79Spider-Man: Homecoming2017880.1 Mio.
33%
9Der König der Löwen20191.663 Mrd.
32%
70Harry Potter und die Kammer des Schreckens2002926.2 Mio.
32%
52The Dark Knight20081.007 Mrd.
32%
63Der Herr der Ringe: Die zwei Türme2002948.7 Mio.
31%
31Spider-Man: Far From Home20191.131 Mrd.
31%
73Der Herr der Ringe: Die Gefährten2001898.5 Mio.
30%
68Harry Potter und der Halbblutprinz2009934.5 Mio.
30%
8Jurassic World20151.671 Mrd.
30%
34Jurassic Park19931.113 Mrd.
29%
5Star Wars: Das Erwachen der Macht20152.071 Mrd.
29%
27The First Avenger: Civil War20161.155 Mrd.
29%
3Avatar: The Way of Water20222.320 Mrd.
28%
74Harry Potter und der Feuerkelch2005896.8 Mio.
28%
15Avengers: Age of Ultron20151.405 Mrd.
27%
18Harry Potter und die Heiligtümer des Todes - Teil 220111.342 Mrd.
27%
29Der Herr der Ringe: Die Rückkehr des Königs20031.147 Mrd.
26%
64Harry Potter und der Orden des Phönix2007942.2 Mio.
25%
37Joker20191.078 Mrd.
25%
17Black Panther20181.349 Mrd.
24%
55Harry Potter und die Heiligtümer des Todes - Teil 12010977.0 Mio.
24%
92Inception2010839.0 Mio.
24%
13Die Eiskönigin II20191.453 Mrd.
23%
75Spider-Man 32007894.9 Mio.
23%
11Fast & Furious 720151.515 Mrd.
22%
30James Bond 007: Skyfall20121.142 Mrd.
22%
26Minions20151.159 Mrd.
20%
61Der Hobbit: Smaugs Einöde2013959.0 Mio.
19%
65Findet Nemo2003941.6 Mio.
19%
19Star Wars: Die letzten Jedi20171.334 Mrd.
19%
36The Dark Knight Rises20121.085 Mrd.
19%
93Transformers - Die Rache2009836.3 Mio.
19%
24Fast & Furious 820171.236 Mrd.
18%
40Toy Story 320101.067 Mrd.
18%
28Aquaman20181.152 Mrd.
17%
51Der Hobbit: Eine unerwartete Reise20121.017 Mrd.
17%
20Jurassic World: Das gefallene Königreich20181.310 Mrd.
17%
22Die Schöne und das Biest20171.266 Mrd.
16%
62Doctor Strange in the Multiverse of Madness2022955.7 Mio.
16%
85Guardians of the Galaxy Vol. 22017863.7 Mio.
16%
41Pirates of the Caribbean - Fluch der Karibik 220061.066 Mrd.
16%
38Star Wars: Der Aufstieg Skywalkers20191.077 Mrd.
16%
47Star Wars: Episode I - Die dunkle Bedrohung19991.027 Mrd.
16%
89Thor: Tag der Entscheidung2017855.3 Mio.
16%
12Top Gun: Maverick20221.495 Mrd.
16%
59Der Hobbit: Die Schlacht der Fünf Heere2014962.2 Mio.
15%
33Transformers 320111.123 Mrd.
15%
32Captain Marvel20191.131 Mrd.
14%
91Guardians of the Galaxy Vol. 32023845.5 Mio.
14%
78James Bond 007: Spectre2015880.7 Mio.
14%
83Star Wars: Episode III - Die Rache der Sith2005868.3 Mio.
14%
39A Toy Story: Alles hört auf kein Kommando20191.073 Mrd.
13%
16Der Super Mario Bros. Film20231.361 Mrd.
13%
46Findet Dorie20161.029 Mrd.
13%
56Ich - Einfach unverbesserlich 22013970.7 Mio.
13%
45Ich - Einfach unverbesserlich 320171.034 Mrd.
13%
54Jumanji: Willkommen im Dschungel2017995.3 Mio.
13%
42Rogue One: A Star Wars Story20161.058 Mrd.
13%
43Aladdin20191.054 Mrd.
12%
86Black Panther: Wakanda Forever2022859.2 Mio.
11%
77Ice Age 3 - Die Dinosaurier sind los2009886.6 Mio.
11%
69Shrek 2 - Der tollkühne Held kehrt zurück2004928.7 Mio.
11%
58The Jungle Book2016967.7 Mio.
11%
87Alles steht Kopf2015858.8 Mio.
10%
80Ice Age 4 - Voll verschoben2012877.2 Mio.
10%
98Phantastische Tierwesen und wo sie zu finden sind2016816.0 Mio.
10%
100Shrek der Dritte2007813.3 Mio.
10%
88Venom2018856.0 Mio.
10%
95Wonder Woman2017823.9 Mio.
10%
48Zoomania20161.025 Mrd.
10%
90Breaking Dawn - Bis(s) zum Ende der Nacht, Teil 22012848.5 Mio.
9%
44Pirates of the Caribbean - Fremde Gezeiten20111.046 Mrd.
9%
84Die Tribute von Panem - Catching Fire2013865.0 Mio.
8%
23Die Unglaublichen 220181.243 Mrd.
8%
97Independence Day1996817.4 Mio.
8%
60Pirates of the Caribbean - Am Ende der Welt2007961.6 Mio.
8%
99Coco - Lebendiger als das Leben!2017814.3 Mio.
7%
76Pets2016894.3 Mio.
7%
49Alice im Wunderland20101.025 Mrd.
6%
53Jurassic World: Ein neues Zeitalter20221.001 Mrd.
6%
35Transformers: Ära des Untergangs20141.104 Mrd.
6%
81Batman v Superman: Dawn of Justice2016874.3 Mio.
5%
71Bohemian Rhapsody2018910.8 Mio.
4%
66Minions - Auf der Suche nach dem Mini-Boss2022939.6 Mio.
3%
96Hi, Mom2021822.0 Mio.
2%
72The Battle at Lake Changjin2021902.5 Mio.
2%
82Wolf Warrior 22017870.3 Mio.
2%

Verteilung der Resultate

Perzentil nach korrekt beantworteten Fragen

Anzahl Personen mit jedem Resultat

Ihre Resultats-Entwicklung

Sie haben dieses Quiz seit der letzten Aktualisierung nicht gespielt